[Event "CHN-chN (Women)"]
[Site "Jiangmen"]
[Date "2018.07.22"]
[Round "10"]
[White "Gong, Yibin"]
[Black "Song, Yuxin"]
[Result "0-1"]
[WhiteElo "1692"]
[BlackElo "2177"]
[PlyCount "76"]
[EventDate "2018.07.18"]
[EventType "swiss"]
[EventRounds "11"]
[EventCountry "CHN"]
[SourceTitle "CBM 185 Extra"]
[Source "ChessBase"]
[SourceDate "2018.07.29"]
[SourceVersion "1"]
[SourceVersionDate "2018.07.29"]
[SourceQuality "1"]

1. e4 c5 2. Nf3 d6 3. d4 cxd4 4. Nxd4 Nf6 5. Nc3 a6 6. Bg5 e6 7. f4 h6 8. Bh4 Qb6 9. Qd2 Qxb2 10. Rb1 Qa3 11. e5 dxe5 12. fxe5 Nfd7 13. Bg3 Bb4 14. Nb3 Nc5 15. Bd3 Na4 16. 0-0 Nxc3 17. Qf4 Rf8 18. Ra1 Nd5 19. Qg4 Bc3 20. Rab1 Qe7 21. Qxg7 Qg5 22. Qh7 Qg8 23. Rxf7 Qxh7 24. Rxh7 Nd7 25. Bg6+ Kd8 26. Bh4+ Kc7 27. Rd1 Ne3 28. Be7 Rg8 29. Rd3 Bxe5 30. Be4 Nf5 31. Nc5 Nxc5 32. Bxc5+ Rg7 33. Rh8 Rxg2+ 34. Kxg2 Bxh8 35. a4 Bd7 36. a5 Rg8+ 37. Kf1 Bb5 38. Bb6+ Kc8 0-1